| 000 | 00949nam a22003017a 4500 | ||
|---|---|---|---|
| 001 | BR0003576 | ||
| 003 | BR-BrBNA | ||
| 005 | 20230928100733.0 | ||
| 007 | ta | ||
| 008 | 230509b bl.||||| |||| 00| 0 por d | ||
| 040 |
_aBR-BrBNA _bpor _cBiblioteca Nacional de Agricultura |
||
| 041 | _a(Por) | ||
| 072 |
_aF06; F08 _b3385 |
||
| 090 | _ 3385 BR0003576 | ||
| 100 | 1 | _aCasarini, E. | |
| 110 | 1 |
_aEscola Superior de Agricultura Luiz de Queiroz, Piracicaba, SP (Brasil) _0Tese (Mestre em Agronomia) |
|
| 245 | 1 | _aManejo da irrigacao na cultura da roseira cultivada em ambiente protegido | |
| 260 | 3 |
_aPiracicaba, SP (Brasil): _c2000. |
|
| 300 | _a66 p. | ||
| 500 | _aSummaries (Eng, Por); Bibliography p. 57-62; 22 illus.; 16 tables | ||
| 650 | _aRosa | ||
| 650 | _aCultivo Protegido | ||
| 650 | _aIrrigacao | ||
| 650 | _aCaracteristicas Agronomicas | ||
| 650 | _aProdutividade | ||
| 909 |
_a202309 _bLucia _c55 _dLucia Elande |
||
| 942 | _cBK | ||
| 999 |
_c62566 _d62566 |
||